Business Information : (Record no. 6388)
[ view plain ]
| 000 -LEADER | |
|---|---|
| fixed length control field | 01359cac a22001931u 4500 |
| 008 - FIXED-LENGTH DATA ELEMENTS--GENERAL INFORMATION | |
| fixed length control field | 081119t 1992xxu||||| |||| 00| 0 eng d |
| 010 ## - LIBRARY OF CONGRESS CONTROL NUMBER | |
| LC control number | 91028129 |
| 020 ## - INTERNATIONAL STANDARD BOOK NUMBER | |
| International Standard Book Number | 0897746430 (paper) |
| 020 ## - INTERNATIONAL STANDARD BOOK NUMBER | |
| International Standard Book Number | 0897745566 (cloth) |
| 082 00 - DEWEY DECIMAL CLASSIFICATION NUMBER | |
| Classification number | 650.072 |
| Item number | LAV |
| 245 10 - TITLE STATEMENT | |
| Title | Business Information : |
| Remainder of title | How to find it, How to use it / |
| Statement of responsibility, etc | by Michael R. Lavin. |
| 250 ## - EDITION STATEMENT | |
| Edition statement | 2nd ed., new and expanded ed. |
| 260 ## - PUBLICATION, DISTRIBUTION, ETC. (IMPRINT) | |
| Place of publication, distribution, etc | Phoenix, Ariz. : |
| Name of publisher, distributor, etc | Oryx Press, 1992 |
| Date of publication, distribution, etc | 1992 |
| 300 ## - PHYSICAL DESCRIPTION | |
| Extent | xi, 499 p. : |
| Other physical details | ill. ; |
| Dimensions | 28 cm. |
| 504 ## - BIBLIOGRAPHY, ETC. NOTE | |
| Bibliography, etc | Includes bibliographical references and indexes. |
| 505 0# - FORMATTED CONTENTS NOTE | |
| Formatted contents note | Sources and forms of business information -- Locating experts -- Finding reference materials -- Finding books, documents, and statistical reports -- Searching journals, newspapers, and news services -- National business directories -- Specialized business directories -- Corporate finances : private companies -- Corporate finances : public companies -- Basic investment information -- Special investment situations -- Investment advice and analysis -- Introduction to statistical reasoning -- The census of population and housing -- General economic statistics -- Industry statistics -- Information on states and local areas -- Marketing information -- Business law sources -- Taxation and accounting. -- Appendix: Keeping up to date. |
| 653 ## - INDEX TERM--UNCONTROLLED | |
| Resource For college | |
| Arrived date list | April2011 |
| 942 ## - ADDED ENTRY ELEMENTS (KOHA) | |
| Item type | Book - Borrowing |
| Call number prefix | 650.072LAV |
| Source of classification or shelving scheme | Dewey Decimal Classification |
| Withdrawn status | Item status | Source of classification or shelving scheme | Damaged status | Not for loan | Home library | Current library | Shelving location | Date acquired | Source of acquisition | Total Checkouts | Full call number | Barcode | Date last seen | Date last borrowed | Koha item type |
|---|---|---|---|---|---|---|---|---|---|---|---|---|---|---|---|
| Dewey Decimal Classification | Central Library | Central Library | First floor | 22/11/2007 | Purchase | 1 | 650.072 LAV | 000007876 | 15/07/2025 | 25/11/2009 | Book - Borrowing |